<?xml version="1.0" encoding="UTF-8"?>
<record
    xmlns:xsi="http://www.w3.org/2001/XMLSchema-instance"
    xsi:schemaLocation="http://www.loc.gov/MARC21/slim http://www.loc.gov/standards/marcxml/schema/MARC21slim.xsd"
    xmlns="http://www.loc.gov/MARC21/slim">

  <leader>02336cam a2200265 a 4500</leader>
  <datafield tag="020" ind1=" " ind2=" ">
    <subfield code="a">9780415687270 (hardback)</subfield>
  </datafield>
  <datafield tag="020" ind1=" " ind2=" ">
    <subfield code="a">0415687276 (hardback)</subfield>
  </datafield>
  <datafield tag="020" ind1=" " ind2=" ">
    <subfield code="a">9780203125588 (ebook)</subfield>
  </datafield>
  <datafield tag="020" ind1=" " ind2=" ">
    <subfield code="a">0203125584 (ebook)</subfield>
  </datafield>
  <datafield tag="040" ind1=" " ind2=" ">
    <subfield code="c">DLC</subfield>
  </datafield>
  <datafield tag="082" ind1="0" ind2="4">
    <subfield code="a">323 ROU 2012 C152 Or.</subfield>
  </datafield>
  <datafield tag="245" ind1="0" ind2="0">
    <subfield code="a">Justice and security in the 21st century :</subfield>
    <subfield code="b">risks, rights and the rule of Law /</subfield>
  </datafield>
  <datafield tag="260" ind1=" " ind2=" ">
    <subfield code="a">Abingdon, Oxon ; New York :</subfield>
    <subfield code="b">Routledge,</subfield>
    <subfield code="c">2012</subfield>
  </datafield>
  <datafield tag="300" ind1=" " ind2=" ">
    <subfield code="a">xv, 240 p. ;</subfield>
    <subfield code="c">24 cm</subfield>
  </datafield>
  <datafield tag="490" ind1="1" ind2=" ">
    <subfield code="a">Routledge studies in liberty and security</subfield>
  </datafield>
  <datafield tag="520" ind1=" " ind2=" ">
    <subfield code="a">"This book examines the question of whether justice or security is the primary virtue of 21st-century society. The problem of enhancing security without undermining justice managing risk without undermining the rule of law has always confronted society. However, recent developments such as new counter-terrorism measures, the expanding scope of criminal law, harsher migration control and an increasingly pronounced concern with public safety, have posed new challenges. According to the authors of this volume, the key element of these contemporary challenges is that of membership and exclusion: that is, who is to be included within the community of justice, and against whom is the just community aiming to defend itself? This book brings together researchers from various academic disciplines and different countries in order to explore these developments. It attempts to chart the complex landscapes of justice, human rights and the rule of law in an era when such ideals are challenged by increasing demands for efficiency, effectiveness, public safety and security. The book comprises four parts, based on their relation to different aspects of these new landscapes of justice and security: Situating the subjects of security, criminalization, control and security; The new balancing of justice and security; Changing structures and concepts of legitimacy.This book will be of much interest to students of critical legal studies, criminology, critical security studies, human rights, sociology and IR in general"--</subfield>
  </datafield>
  <datafield tag="650" ind1=" " ind2="0">
    <subfield code="a">Criminal justice, Administration of</subfield>
  </datafield>
  <datafield tag="650" ind1=" " ind2="0">
    <subfield code="a">War and emergency legislation</subfield>
  </datafield>
  <datafield tag="650" ind1=" " ind2="0">
    <subfield code="a">National security</subfield>
  </datafield>
  <datafield tag="650" ind1=" " ind2="0">
    <subfield code="a">Terrorism</subfield>
  </datafield>
  <datafield tag="650" ind1=" " ind2="0">
    <subfield code="a">Civil rights</subfield>
  </datafield>
  <datafield tag="700" ind1="1" ind2=" ">
    <subfield code="a">Ugelvik, Synn&#xA9;&#x131;ve,</subfield>
  </datafield>
  <datafield tag="700" ind1="1" ind2=" ">
    <subfield code="a">Hudson, Barbara,</subfield>
  </datafield>
  <datafield tag="942" ind1=" " ind2=" ">
    <subfield code="c">AEDBB</subfield>
  </datafield>
  <datafield tag="999" ind1=" " ind2=" ">
    <subfield code="c">18753</subfield>
    <subfield code="d">18753</subfield>
  </datafield>
  <datafield tag="952" ind1=" " ind2=" ">
    <subfield code="0">0</subfield>
    <subfield code="1">0</subfield>
    <subfield code="4">0</subfield>
    <subfield code="6">323_000000000000000_ROU_2012_C152_OR</subfield>
    <subfield code="7">0</subfield>
    <subfield code="9">83229</subfield>
    <subfield code="a">LBC</subfield>
    <subfield code="b">LBC</subfield>
    <subfield code="d">2020-01-21</subfield>
    <subfield code="e">A38789</subfield>
    <subfield code="o">323 ROU 2012 C152 Or.</subfield>
    <subfield code="r">2020-01-21</subfield>
    <subfield code="y">EK</subfield>
  </datafield>
</record>
